Casuarinas, nitrogen-fixing trees for adverse sites : (Record no. 18910)

000 -LEADER
fixed length control field 00657nam a2200157 a 4500
040 ## - CATALOGING SOURCE
Transcribing agency DLC
082 00 - DEWEY DECIMAL CLASSIFICATION NUMBER
Classification number 634 NAT 1984 C154 Or.
110 2# - MAIN ENTRY--CORPORATE NAME
Corporate name or jurisdiction name as entry element National Research Council (U.S.).
245 10 - TITLE STATEMENT
Title Casuarinas, nitrogen-fixing trees for adverse sites :
Remainder of title report of an ad hoc panel of the Advisory Committee on Technology Innovation, Board on Science and Technology for International Development, Office of International Affairs, National Research Council.
260 ## - PUBLICATION, DISTRIBUTION, ETC. (IMPRINT)
Place of publication Washington, D.C. :
Name of publisher National Academy Press,
Year of publication 1984.
300 ## - PHYSICAL DESCRIPTION
Number of Pages vii, 118 p. :
Other physical details ill., maps ;
Dimensions 23 cm.
500 ## - GENERAL NOTE
General note Includes index.
650 #0 - SUBJECT ADDED ENTRY--TOPICAL TERM
Topical Term Casuarina.
650 #0 - SUBJECT ADDED ENTRY--TOPICAL TERM
Topical Term Trees
942 ## - ADDED ENTRY ELEMENTS (KOHA)
Koha item type ADB
952 ## - LOCATION AND ITEM INFORMATION (KOHA)
Withdrawn status [LOCAL, KOHA] 0
Holdings
Koha item type Source of acquisition Lost status Permanent Location Current Location Date acquired Full call number
សៀវភៅភាសាអង់គ្លេសA39210 Library Block CLibrary Block C2020-02-11634 NAT 1984 C154 Or.
មជ្ឈមណ្ឌលឯការនៃសាកលវិទ្យាល័យភូមិន្ទកសិកម្មចំការដូង

Powered by Koha